Chinese economy 2040 : the changing landscape of globalization and a new path for development / (Record no. 608402)

000 -LEADER
fixed length control field 00458nam a22001457a 4500
003 - CONTROL NUMBER IDENTIFIER
control field NUST
020 ## - INTERNATIONAL STANDARD BOOK NUMBER
International Standard Book Number 9787300247069
082 ## - DEWEY DECIMAL CLASSIFICATION NUMBER
Classification number 330.951
Author Mark LIA
100 ## - MAIN ENTRY--PERSONAL NAME
Personal name Liang , Guoyong
9 (RLIN) 86512
245 ## - TITLE STATEMENT
Title Chinese economy 2040 : the changing landscape of globalization and a new path for development /
Statement of responsibility, etc. Liang , Guoyong
260 ## - PUBLICATION, DISTRIBUTION, ETC.
Place of publication, distribution, etc. China Renmin University Press
Name of publisher, distributor, etc. Beijing
Date of publication, distribution, etc. 2017
300 ## - PHYSICAL DESCRIPTION
Extent 320 pages : illustrations ; 23 cm
563 ## - BINDING INFORMATION
Binding note PB
942 ## - ADDED ENTRY ELEMENTS (KOHA)
Source of classification or shelving scheme
Koha item type Book
Holdings
Withdrawn status Lost status Source of classification or shelving scheme Damaged status Not for loan Permanent Location Current Location Date acquired Source of acquisition Total Checkouts Full call number Barcode Date last seen Price effective from Koha item type
          School of Art Design and Architecture (SADA) School of Art Design and Architecture (SADA) 01/03/2022 Donation   330.951 LIA 2017 SADAD0000467 02/28/2024 02/28/2024 Book
© 2023 Central Library, National University of Sciences and Technology. All Rights Reserved.